MARC

LEADER 00000cam a2200000 7i4500
001 0000213607
005 20180611.0
020 |a 9781482461909 
090 0 0 |a 344.730533   |b WIT 
100 1 |a Wittmann, Kelly 
245 1 4 |a The right to bear arms   |c Kelly Wittmann 
260 |a New York :   |b Gareth Stevens Publishing ,   |c 2017 
300 |a 48p. ;   |c 24cm. 
490 0 |a Our basic freedoms 
650 0 |a Firearms   |x Law and legislation   |v Juvenile literature 
650 0 |a Gun control   |z United States   |v Juvenile literature 
651 0 |a United States. Constitution. 2nd Amendment   |v Juvenile literature 
999 |a 00350640   |b BUKU   |c JUNIOR BOOKS   |e PERPUSTAKAAN KOMUNITI CAW BANDAR UTAMA